000 00928nam a2200229Ia 4500
003 OSt
005 20220923220920.0
006 a|||||r|||| 00| 0
007 ta
008 220922b |||||||| |||| 00| 0 hin d
024 _a192,188
037 _cTextual
040 _aARTS
_cARTS
_bhin
041 _2hin
_ahin
082 _aT, 152K5
100 _aकानेण्ट, जेम्स बी0
_9164803
245 0 _aशिक्षा और स्वतन्त्रता* आधुनिक लेकतंत्र में स्कूलों का योगदान, अनु विशालप्रसाद त्रिपाठी
246 _aShikṣhā aur svatantratā: ādhunik lekatantra mean skūloan kā yogadāna, anu0 vishālaprasād tripāṭhī
260 _c1965
942 _hT, 152K5
_cTEXL
_2CC
999 _c344810
_d344810